[Event "GER-ch Youth U14 2019"]
[Site "Willingen"]
[Date "2019.06.14"]
[Round "8.18"]
[White "Wang, Xinyuan"]
[Black "Divry, Alexandre"]
[Result "1-0"]
[WhiteElo "2060"]
[BlackElo "1654"]
[Annotator "NA"]
[PlyCount "81"]
[EventDate "2019.06.07"]
[EventType "swiss"]
[EventRounds "9"]
[EventCountry "GER"]
[SourceTitle "playchess.com"]
[Source "ChessBase"]
[SourceQuality "1"]
[TimeControl "40/5400+30:1800+30"]

1. d4 {[%emt 0:00:00]} d5 {[%emt 0:00:00]} 2. Nf3 {[%emt 0:00:27]} Nf6 {[%emt 0:00:00]} 3. e3 {[%emt 0:00:13]} c5 {[%emt 0:00:00]} 4. b3 {[%emt 0:00:34]} cxd4 {[%emt 0:01:36]} 5. Nxd4 {[%emt 0:01:33]} Nc6 {[%emt 0:02:34]} 6. Bb5 {[%emt 0:01:08]} Qc7 {[%emt 0:02:01]} 7. c4 {[%emt 0:14:01]} e5 {[%emt 0:09:25]} 8. Nf3 {[%emt 0:04:12]} Bb4+ {[%emt 0:02:56]} 9. Bd2 {[%emt 0:03:07]} Bxd2+ {[%emt 0:00:46]} 10. Nbxd2 {[%emt 0:00:11]} O-O {[%emt 0:05:21]} 11. Bxc6 {[%emt 0:01:04]} bxc6 {[%emt 0:00:58]} 12. O-O {[%emt 0:01:45]} e4 {[%emt 0:02:05]} 13. Nd4 {[%emt 0:00:59]} Ng4 {[%emt 0:00:29]} 14. g3 {[%emt 0:01:17]} Ne5 {[%emt 0:01:39]} 15. cxd5 {[%emt 0:02:53]} cxd5 {[%emt 0:00:35]} 16. Rc1 {[%emt 0:01:04]} Qd7 {[%emt 0:00:48]} 17. f4 {[%emt 0:09:53]} Nd3 {[%emt 0:02:37]} 18. Rb1 {[%emt 0:02:07]} Qh3 {[%emt 0:06:52]} 19. Qe2 {[%emt 0:04:21]} Bg4 {[%emt 0:01:06]} 20. Qg2 {[%emt 0:01:05]} Qh5 {[%emt 0:00:11]} 21. h4 {[%emt 0:03:40]} Rac8 {[%emt 0:03:48]} 22. b4 {[%emt 0:02:50]} a6 {[%emt 0:06:02]} 23. a4 {[%emt 0:02:18]} Rb8 {[%emt 0:06:45]} 24. b5 {[%emt 0:01:36]} axb5 {[%emt 0:00:19]} 25. Rxb5 {[%emt 0:00:28]} Rxb5 {[%emt 0:04:16]} 26. axb5 {[%emt 0:00:37]} Bd1 {[%emt 0:12:49]} 27. N2b3 {[%emt 0:04:01]} Qg4 {[%emt 0:08:26]} 28. Na5 {[%emt 0:02:42]} Ba4 {[%emt 0:05:09]} 29. Ra1 {[%emt 0:05:44]} Nc5 {[%emt 0:00:46]} 30. f5 {[%emt 0:12:16]} Rb8 {[%emt 0:05:00]} 31. Nac6 {[%emt 0:01:03]} Re8 {[%emt 0:00:01]} 32. Nb4 {[%emt 0:03:43]} Bb3 {[%emt 0:08:41]} 33. Na6 {[%emt 0:01:12]} Nxa6 {[%emt 0:00:33]} 34. bxa6 {[%emt 0:00:05]} Bc4 {[%emt 0:00:13]} 35. a7 {[%emt 0:00:12]} Ra8 {[%emt 0:00:20]} 36. Rb1 {[%emt 0:00:32]} Re8 {[%emt 0:02:08]} 37. Nc6 {[%emt 0:02:54]} Kf8 {[%emt 0:00:15]} 38. Nb8 {[%emt 0:01:05]} Bd3 {[%emt 0:00:56]} 39. Rc1 {[%emt 0:04:13]} Qxf5 {[%emt 0:00:32]} 40. a8=Q {[%emt 0:01:03]} Qe5 {[%emt 0:00:02]} 41. Nd7+ {normal} 1-0

[Event "GER-ch Youth U14 2019"]
[Site "Willingen"]
[Date "2019.06.14"]
[Round "8.19"]
[White "May, Ben-Iven"]
[Black "Kolmykov, Egor"]
[Result "1-0"]
[WhiteElo "1692"]
[BlackElo "1642"]
[Annotator "NA"]
[PlyCount "75"]
[EventDate "2019.06.07"]
[EventType "swiss"]
[EventRounds "9"]
[EventCountry "GER"]
[SourceTitle "playchess.com"]
[Source "ChessBase"]
[SourceQuality "1"]
[TimeControl "40/5400+30:1800+30"]

1. e4 {[%emt 0:00:00]} c5 {[%emt 0:00:00]} 2. Nf3 {[%emt 0:00:00]} a6 {[%emt 0:00:00]} 3. c4 {[%emt 0:00:00]} Nc6 {[%emt 0:00:00]} 4. d4 {[%emt 0:00:00]} cxd4 {[%emt 0:00:12]} 5. Nxd4 {[%emt 0:00:00]} e5 {[%emt 0:00:16]} 6. Nf5 {[%emt 0:00:02]} d6 {[%emt 0:00:11]} 7. Nc3 {[%emt 0:01:46]} g6 {[%emt 0:00:16]} 8. Ne3 {[%emt 0:00:03]} Bg7 {[%emt 0:00:27]} 9. Be2 {[%emt 0:01:43]} Nf6 {[%emt 0:01:40]} 10. O-O {[%emt 0:00:43]} O-O {[%emt 0:00:12]} 11. Ned5 {[%emt 0:01:38]} Nxd5 {[%emt 0:02:46]} 12. Nxd5 {[%emt 0:00:04]} f5 {[%emt 0:03:52]} 13. f3 {[%emt 0:03:07]} f4 {[%emt 0:00:32]} 14. b3 {[%emt 0:01:16]} Be6 {[%emt 0:11:10]} 15. Ba3 {[%emt 0:02:30]} Nd4 {[%emt 0:00:22]} 16. Qd2 {[%emt 0:02:22]} Bxd5 {[%emt 0:03:55]} 17. cxd5 {[%emt 0:00:09]} h5 {[%emt 0:02:49]} 18. Rac1 {[%emt 0:03:35]} h4 {[%emt 0:01:16]} 19. h3 {[%emt 0:06:40]} Qb6 {[%emt 0:02:01]} 20. Kh1 {[%emt 0:00:37]} Rac8 {[%emt 0:01:13]} 21. Rc4 {[%emt 0:08:56]} Nb5 {[%emt 0:04:47]} 22. Bb4 {[%emt 0:05:48]} Nd4 {[%emt 0:07:45]} 23. Ba5 {[%emt 0:01:15]} Qa7 {[%emt 0:01:19]} 24. Rfc1 {[%emt 0:01:42]} Rxc4 {[%emt 0:01:03]} 25. Rxc4 {[%emt 0:01:58]} b6 {[%emt 0:00:37]} 26. Bb4 {[%emt 0:02:20]} Rd8 {[%emt 0:00:57]} 27. Bd3 {[%emt 0:02:50]} a5 {[%emt 0:01:08]} 28. Ba3 {[%emt 0:02:02]} b5 {[%emt 0:01:23]} 29. Rc1 {[%emt 0:00:05]} b4 {[%emt 0:00:44]} 30. Bb2 {[%emt 0:00:02]} g5 {[%emt 0:02:45]} 31. Rc4 {[%emt 0:02:48]} Rd7 {[%emt 0:03:59]} 32. Qc1 {[%emt 0:03:51]} Kf7 {[%emt 0:01:00]} 33. Bxd4 {[%emt 0:06:50]} exd4 {[%emt 0:00:12]} 34. Rc8 {[%emt 0:01:04]} Qb7 {[%emt 0:02:29]} 35. Qc6 {[%emt 0:01:23]} Qxc6 {[%emt 0:01:07]} 36. dxc6 {[%emt 0:00:03]} Ra7 {[%emt 0:00:46]} 37. c7 {[%emt 0:00:52] normal} Be5 {[%emt 0:01:46]} 38. Rf8+ {[%emt 0:00:37] normal} 1-0

[Event "GER-ch Youth U14 2019"]
[Site "Willingen"]
[Date "2019.06.14"]
[Round "8.20"]
[White "Gutewort, Paul Emil"]
[Black "Wellssow, Keoki"]
[Result "0-1"]
[WhiteElo "1708"]
[BlackElo "1509"]
[Annotator "NA"]
[PlyCount "51"]
[EventDate "2019.06.07"]
[EventType "swiss"]
[EventRounds "9"]
[EventCountry "GER"]
[SourceTitle "playchess.com"]
[Source "ChessBase"]
[SourceQuality "1"]
[TimeControl "40/5400+30:1800+30"]

1. d4 {[%emt 0:00:00]} g6 {[%emt 0:00:00]} 2. e4 {[%emt 0:00:00]} Bg7 {[%emt 0:00:09]} 3. c4 {[%emt 0:00:00]} d6 {[%emt 0:00:40]} 4. Nc3 {[%emt 0:00:00]} Nc6 {[%emt 0:01:06]} 5. Nf3 {[%emt 0:00:24]} Bg4 {[%emt 0:01:31]} 6. Be3 {[%emt 0:00:17]} e5 {[%emt 0:08:56]} 7. d5 {[%emt 0:00:05]} Nd4 {[%emt 0:09:47]} 8. Be2 {[%emt 0:00:06]} Nxe2 {[%emt 0:01:38]} 9. Qxe2 {[%emt 0:00:24]} f5 {[%emt 0:07:35]} 10. h3 {[%emt 0:00:45]} Bxf3 {[%emt 0:00:53]} 11. Qxf3 {[%emt 0:00:28]} f4 {[%emt 0:02:21]} 12. Bd2 {[%emt 0:00:08]} Nf6 {[%emt 0:00:41]} 13. Qe2 {[%emt 0:00:54]} Qe7 {[%emt 0:02:57]} 14. b4 {[%emt 0:00:26]} a6 {[%emt 0:05:22]} 15. f3 {[%emt 0:01:34]} O-O {[%emt 0:00:54]} 16. O-O {[%emt 0:00:16]} Nh5 {[%emt 0:01:54]} 17. Be1 {[%emt 0:00:42]} Bf6 {[%emt 0:01:27]} 18. Qd2 {[%emt 0:02:02]} Ng3 {[%emt 0:10:54]} 19. Bxg3 {[%emt 0:00:50]} fxg3 {[%emt 0:00:07]} 20. Ne2 {[%emt 0:00:07]} Bg5 {[%emt 0:02:11]} 21. Qc3 {[%emt 0:00:42]} Bf4 {[%emt 0:02:33]} 22. Nxf4 {[%emt 0:00:35]} exf4 {[%emt 0:01:45]} 23. Rac1 {[%emt 0:00:37]} b6 {[%emt 0:12:33]} 24. c5 {[%emt 0:01:05]} Rac8 {[%emt 0:01:50]} 25. Qd4 {[%emt 0:04:34]} Rb8 {[%emt 0:05:42]} 26. Rc2 {[%emt 0:00:50] normal} 0-1

[Event "GER-ch Youth U14 2019"]
[Site "Willingen"]
[Date "2019.06.14"]
[Round "8.21"]
[White "Rockmann, Enno"]
[Black "Wildermuth, Nikolas Karl"]
[Result "1-0"]
[WhiteElo "1527"]
[BlackElo "1748"]
[Annotator "NA"]
[PlyCount "57"]
[EventDate "2019.06.07"]
[EventType "swiss"]
[EventRounds "9"]
[EventCountry "GER"]
[SourceTitle "playchess.com"]
[Source "ChessBase"]
[SourceQuality "1"]
[TimeControl "40/5400+30:1800+30"]

1. e4 {[%emt 0:00:00]} d6 {[%emt 0:00:00]} 2. d4 {[%emt 0:00:00]} g6 {[%emt 0:00:00]} 3. c4 {[%emt 0:00:21]} Nf6 {[%emt 0:00:00]} 4. Nc3 {[%emt 0:00:11]} Bg7 {[%emt 0:00:08]} 5. f4 {[%emt 0:01:51]} O-O {[%emt 0:00:16]} 6. Nf3 {[%emt 0:00:04]} c5 {[%emt 0:00:27]} 7. d5 {[%emt 0:01:08]} b5 {[%emt 0:00:31]} 8. cxb5 {[%emt 0:00:37]} Qa5 {[%emt 0:00:41]} 9. Bd2 {[%emt 0:02:28]} a6 {[%emt 0:01:20]} 10. bxa6 {[%emt 0:05:35]} Bxa6 {[%emt 0:02:10]} 11. Na4 {[%emt 0:00:23]} Qc7 {[%emt 0:00:35]} 12. Bxa6 {[%emt 0:00:25]} Rxa6 {[%emt 0:01:25]} 13. Nc3 {[%emt 0:00:18]} Nbd7 {[%emt 0:03:39]} 14. O-O {[%emt 0:00:41]} Rb8 {[%emt 0:00:59]} 15. Qc2 {[%emt 0:00:20]} Qa7 {[%emt 0:01:39]} 16. Kh1 {[%emt 0:03:23]} c4 {[%emt 0:04:14]} 17. Rae1 {[%emt 0:06:36]} Qb7 {[%emt 0:02:39]} 18. Bc1 {[%emt 0:03:10]} Nc5 {[%emt 0:01:24]} 19. Re2 {[%emt 0:01:38]} Qa7 {[%emt 0:04:11]} 20. Nd2 {[%emt 0:01:59]} Nd3 {[%emt 0:07:56]} 21. Nxc4 {[%emt 0:00:04]} Nb4 {[%emt 0:00:22]} 22. Be3 {[%emt 0:09:21]} Qc7 {[%emt 0:04:06]} 23. Qb3 {[%emt 0:02:18]} Nxa2 {[%emt 0:01:40]} 24. Nb5 {[%emt 0:00:11]} Qb7 {[%emt 0:03:43]} 25. Nca3 {[%emt 0:00:06]} Rxa3 {[%emt 0:00:20]} 26. bxa3 {[%emt 0:00:34]} Nc3 {[%emt 0:03:25]} 27. Qxc3 {[%emt 0:00:58]} Qxb5 {[%emt 0:00:56]} 28. Qc2 {[%emt 0:01:16]} Nxe4 {[%emt 0:01:02]} 29. Ba7 {[%emt 0:00:26] normal} 1-0

[Event "GER-ch Youth U14 2019"]
[Site "Willingen"]
[Date "2019.06.14"]
[Round "8.22"]
[White "Bornholdt, Joa Max"]
[Black "Straub, Benno"]
[Result "1-0"]
[WhiteElo "1754"]
[BlackElo "1490"]
[Annotator "NA"]
[PlyCount "53"]
[EventDate "2019.06.07"]
[EventType "swiss"]
[EventRounds "9"]
[EventCountry "GER"]
[SourceTitle "playchess.com"]
[Source "ChessBase"]
[SourceQuality "1"]
[TimeControl "40/5400+30:1800+30"]

1. Nf3 {[%emt 0:00:00]} d5 {[%emt 0:00:00]} 2. c4 {[%emt 0:00:00]} e6 {[%emt 0:00:00]} 3. d4 {[%emt 0:00:04]} Nf6 {[%emt 0:00:00]} 4. cxd5 {[%emt 0:00:11]} exd5 {[%emt 0:00:02]} 5. Bg5 {[%emt 0:00:05]} Be7 {[%emt 0:00:16]} 6. e3 {[%emt 0:00:17]} h6 {[%emt 0:00:21]} 7. Bh4 {[%emt 0:00:31]} O-O {[%emt 0:00:16]} 8. Nc3 {[%emt 0:00:05]} c6 {[%emt 0:00:25]} 9. Qc2 {[%emt 0:01:03]} Be6 {[%emt 0:00:41]} 10. Bd3 {[%emt 0:00:15]} Nbd7 {[%emt 0:00:32]} 11. O-O {[%emt 0:00:36]} Rc8 {[%emt 0:00:33]} 12. Rfd1 {[%emt 0:15:12]} Bg4 {[%emt 0:03:50]} 13. Be2 {[%emt 0:03:50]} Nh7 {[%emt 0:06:44]} 14. Bg3 {[%emt 0:04:27]} Ndf6 {[%emt 0:01:19]} 15. Rab1 {[%emt 0:08:18]} Bxf3 {[%emt 0:01:57]} 16. Bxf3 {[%emt 0:00:23]} Ng5 {[%emt 0:00:08]} 17. Be2 {[%emt 0:00:15]} Nfe4 {[%emt 0:00:49]} 18. Be5 {[%emt 0:05:09]} Qd7 {[%emt 0:07:46]} 19. f3 {[%emt 0:10:50]} Nf6 {[%emt 0:01:23]} 20. Bd3 {[%emt 0:05:16]} Rfe8 {[%emt 0:04:45]} 21. b4 {[%emt 0:07:58]} b5 {[%emt 0:00:27]} 22. Ne2 {[%emt 0:04:39]} Nh5 {[%emt 0:03:52]} 23. Bf5 {[%emt 0:05:56]} Ne6 {[%emt 0:00:50]} 24. g4 {[%emt 0:03:39]} Nf6 {[%emt 0:00:59]} 25. Nf4 {[%emt 0:01:45]} g5 {[%emt 0:04:03]} 26. Bxe6 {[%emt 0:01:53]} fxe6 {[%emt 0:00:14]} 27. Qg6+ {[%emt 0:00:26] normal} 1-0

[Event "GER-ch Youth U14 2019"]
[Site "Willingen"]
[Date "2019.06.15"]
[Round "9.1"]
[White "Musiolik, David"]
[Black "Krastev, Alexander"]
[Result "1/2-1/2"]
[WhiteElo "2132"]
[BlackElo "2344"]
[Annotator "TA"]
[PlyCount "38"]
[EventDate "2019.06.07"]
[EventType "swiss"]
[EventRounds "9"]
[EventCountry "GER"]
[SourceTitle "playchess.com"]
[Source "ChessBase"]
[SourceQuality "1"]

{[%evp 17,38,0,14,-27,-15,0,32,28,57,-31,68,56,75,-42,-34,-46,-10,-8,-17,-10,-25,-5,-16]} 1. e4 c5 2. Nf3 Nc6 3. d4 cxd4 4. Nxd4 g6 5. Nc3 Bg7 6. Be3 Nf6 7. Be2 O-O 8. Nb3 d6 9. f4 a5 {[%cal Ba7a5,Ba5a4][%mdl 32]} 10. a3 {B72: Sicilian Dragon: 6 Be3, lines with h3+Bc4 and sidelines} (10. a4 Be6 11. O-O Rc8 12. Kh1 Bxb3 13. cxb3 Nd7 14. Bc4 Nb4 15. Qe2 Nb6 16. Nd5 N4xd5 17. exd5 Nd7 18. Rae1 Nc5 19. f5 Nd7 {1-0 (72) Tiviakov,S (2674)-Colovic,A (2441) Benidorm 2009}) 10... a4 11. Nd4 $1 Qb6 $146 (11... Ng4 $5 12. Bxg4 Bxg4 13. Qxg4 (13. Nxc6 Bxc3+ 14. bxc3 Bxd1 $11) 13... Nxd4 $11) ({Predecessor:} 11... Nxd4 12. Bxd4 Qa5 13. Bf3 Be6 14. h3 Bc4 15. Qd2 Rfd8 16. Qf2 Nd7 17. Bxg7 Kxg7 {1-0 (36) Alvarez,D-Reinoso,S Lima 1999}) 12. Nxc6 {White is slightly better.} Qxe3 13. Nxe7+ Kh8 14. Qd2 Qb6 {[#]} 15. Bf3 (15. Nxc8 Rfxc8 16. e5 Qxb2 $17) (15. O-O-O $1 $16) 15... Qxb2 $15 16. O-O $1 Re8 {White must now prevent ...Qb6+.} 17. e5 $1 ({Much weaker is} 17. Rfb1 Nxe4 18. Nxe4 Qd4+ 19. Qxd4 Bxd4+ 20. Kf1 Rxe7 $17) 17... Qb6+ $1 ({Of course not} 17... Rxe7 $6 18. Rfb1 $16) 18. Kh1 {Strongly threatening Rab1.} dxe5 19. fxe5 {[#] Threatens to win with Rab1.} Ng8 {Accuracy: White = 63%, Black = 68%.} ({Reject} 19... Rxe7 $6 20. exf6 Bxf6 21. Nd5 $16) 1/2-1/2

[Event "GER-ch Youth U14 2019"]
[Site "Willingen"]
[Date "2019.06.15"]
[Round "9.2"]
[White "Lutz, Ruben"]
[Black "Bethke, Richard"]
[Result "0-1"]
[WhiteElo "2055"]
[BlackElo "2246"]
[Annotator "ChessBase"]
[PlyCount "108"]
[EventDate "2019.06.07"]
[EventType "swiss"]
[EventRounds "9"]
[EventCountry "GER"]
[SourceTitle "playchess.com"]
[Source "ChessBase"]
[SourceQuality "1"]
[TimeControl "40/5400+30:1800+30"]

1. d4 {[%emt 0:00:00]} Nf6 {[%emt 0:00:00]} 2. Nf3 {[%emt 0:00:00]} d5 {[%emt 0:00:06]} 3. c4 {[%emt 0:00:00]} e6 {[%emt 0:00:11]} 4. cxd5 {[%emt 0:00:03]} exd5 {[%emt 0:00:05]} 5. Nc3 {[%emt 0:00:14]} c6 {[%emt 0:00:12]} 6. Bg5 {[%emt 0:00:59]} Bf5 {[%emt 0:00:16]} 7. Qb3 {[%emt 0:01:38]} Qb6 {[%emt 0:01:31]} 8. Qxb6 {[%emt 0:03:01]} axb6 {[%emt 0:00:04]} 9. Bxf6 {[%emt 0:00:05]} gxf6 {[%emt 0:00:06]} 10. e3 {[%emt 0:01:20]} b5 {[%emt 0:00:32]} 11. Kd2 {[%emt 0:17:55]} Nd7 {[%emt 0:03:02]} 12. Bd3 {[%emt 0:04:29]} Bg6 {[%emt 0:01:19]} 13. Nh4 {[%emt 0:15:07]} Nb6 {[%emt 0:01:15]} 14. Nf5 {[%emt 0:24:33]} Nc4+ {[%emt 0:05:33]} 15. Kc2 {[%emt 0:00:17]} b4 {[%emt 0:01:17]} 16. Ne2 {[%emt 0:01:31]} b6 {[%emt 0:01:59]} 17. Neg3 {[%emt 0:03:19]} h5 {[%emt 0:02:18]} 18. h4 {[%emt 0:05:12]} Bd6 {[%emt 0:01:11]} 19. b3 {[%emt 0:08:14]} Bxg3 {[%emt 0:01:18]} 20. Nxg3 {[%emt 0:00:54]} Nd6 {[%emt 0:00:54]} 21. Rhc1 {[%emt 0:01:34]} Kd7 {[%emt 0:01:07]} 22. Bxg6 {[%emt 0:03:51]} fxg6 {[%emt 0:00:05]} 23. Kb2 {[%emt 0:00:05]} Ra3 {[%emt 0:00:56]} 24. Rc2 {[%emt 0:00:47]} Rha8 {[%emt 0:00:46]} 25. Rcc1 {[%emt 0:03:32]} R3a5 {[%emt 0:03:40]} 26. Rd1 {[%emt 0:00:59]} Ke6 {[%emt 0:01:04]} 27. Rd2 {[%emt 0:02:16]} c5 {[%emt 0:02:07]} 28. dxc5 {[%emt 0:00:46]} bxc5 {[%emt 0:00:05]} 29. Ne2 {[%emt 0:00:44]} g5 {[%emt 0:00:31]} 30. hxg5 {[%emt 0:00:12]} fxg5 {[%emt 0:00:05]} 31. Rc2 {[%emt 0:00:43]} h4 {[%emt 0:01:24]} 32. a4 {[%emt 0:01:03]} bxa3+ {[%emt 0:00:05]} 33. Ka2 {[%emt 0:00:02]} Rf8 {[%emt 0:01:54]} 34. Rf1 {[%emt 0:00:54]} Nf5 {[%emt 0:03:32]} 35. Rfc1 {[%emt 0:00:11]} Kd6 {[%emt 0:00:51]} 36. b4 {[%emt 0:00:52]} cxb4 {[%emt 0:00:09]} 37. Rc6+ {[%emt 0:00:10]} Ke5 {[%emt 0:01:07]} 38. Rb6 {[%emt 0:00:46]} Nxe3 {[%emt 0:03:16]} 39. Rcc6 {[%emt 0:00:40]} Nc4 {[%emt 0:01:59]} 40. Re6+ {[%emt 0:00:31]} Kf5 {[%emt 0:00:06]} 41. f3 {[%emt 0:06:19]} b3+ {[%emt 0:01:49]} 42. Kxb3 {[%emt 0:01:57]} g4 {[%emt 0:02:45]} 43. Nd4+ {[%emt 0:05:52]} Kg5 {[%emt 0:00:35]} 44. Rg6+ {[%emt 0:02:12]} Kf4 {[%emt 0:00:17]} 45. Rbe6 {[%emt 0:11:52]} gxf3 {[%emt 0:01:01]} 46. gxf3 {[%emt 0:00:08]} Nd2+ {[%emt 0:02:18]} 47. Kb4 {[%emt 0:02:03]} Nxf3 {[%emt 0:00:09]} 48. Kxa5 {[%emt 0:01:41]} Nxd4 {[%emt 0:00:26]} 49. Ra6 {[%emt 0:02:12]} Rb8 {[%emt 0:01:00]} 50. Rgb6 {[%emt 0:00:42]} a2 {[%emt 0:00:42]} 51. Rxb8 {[%emt 0:00:31]} a1=Q+ {[%emt 0:00:07]} 52. Kb6 {[%emt 0:00:02]} Qc3 {[%emt 0:00:14]} 53. Rf8+ {[%emt 0:00:17]} Ke3 {[%emt 0:00:07]} 54. Re8+ {[%emt 0:00:08]} Kd3 {[%emt 0:00:05] normal} 0-1

[Event "GER-ch Youth U14 2019"]
[Site "Willingen"]
[Date "2019.06.15"]
[Round "9.3"]
[White "Weihrauch, Jakob"]
[Black "Pubantz, Jan"]
[Result "1/2-1/2"]
[WhiteElo "2158"]
[BlackElo "2192"]
[Annotator "ChessBase"]
[PlyCount "60"]
[EventDate "2019.06.07"]
[EventType "swiss"]
[EventRounds "9"]
[EventCountry "GER"]
[SourceTitle "playchess.com"]
[Source "ChessBase"]
[SourceQuality "1"]
[TimeControl "40/5400+30:1800+30"]

1. e4 {[%emt 0:00:00]} c5 {[%emt 0:00:00]} 2. Nf3 {[%emt 0:00:00]} d6 {[%emt 0:00:00]} 3. d4 {[%emt 0:00:00]} cxd4 {[%emt 0:00:00]} 4. Nxd4 {[%emt 0:00:00]} Nf6 {[%emt 0:00:00]} 5. Nc3 {[%emt 0:00:00]} a6 {[%emt 0:00:00]} 6. g3 {[%emt 0:00:09]} e5 {[%emt 0:00:12]} 7. Nde2 {[%emt 0:00:05]} Be7 {[%emt 0:00:41]} 8. Bg2 {[%emt 0:00:32]} b5 {[%emt 0:03:15]} 9. Nd5 {[%emt 0:00:44]} Nbd7 {[%emt 0:01:02]} 10. Nec3 {[%emt 0:01:15]} Nb6 {[%emt 0:01:32]} 11. Nxb6 {[%emt 0:08:17]} Qxb6 {[%emt 0:00:09]} 12. Nd5 {[%emt 0:00:27]} Nxd5 {[%emt 0:04:38]} 13. Qxd5 {[%emt 0:00:03]} Qb7 {[%emt 0:09:01]} 14. Qxb7 {[%emt 0:03:02]} Bxb7 {[%emt 0:00:05]} 15. O-O {[%emt 0:00:08]} Rc8 {[%emt 0:01:22]} 16. c3 {[%emt 0:00:27]} O-O {[%emt 0:02:48]} 17. Bd2 {[%emt 0:08:50]} Rfd8 {[%emt 0:14:21]} 18. a4 {[%emt 0:03:22]} d5 {[%emt 0:16:10]} 19. axb5 {[%emt 0:01:21]} axb5 {[%emt 0:00:25]} 20. exd5 {[%emt 0:09:52]} Bxd5 {[%emt 0:02:39]} 21. Be3 {[%emt 0:03:12]} Bb3 {[%emt 0:14:39]} 22. Ra5 {[%emt 0:06:26]} Bc4 {[%emt 0:04:25]} 23. Re1 {[%emt 0:00:53]} Bc5 {[%emt 0:04:21]} 24. Bxc5 {[%emt 0:04:28]} Rxc5 {[%emt 0:00:06]} 25. Bf1 {[%emt 0:01:01]} Bxf1 {[%emt 0:02:26]} 26. Kxf1 {[%emt 0:00:06]} f6 {[%emt 0:02:28]} 27. Ra7 {[%emt 0:12:55]} h5 {[%emt 0:06:01]} 28. h4 {[%emt 0:00:53]} Rd3 {[%emt 0:03:00]} 29. Rb7 {[%emt 0:02:59]} Rd2 {[%emt 0:02:23]} 30. Re2 {[%emt 0:00:27]} Rd6 {[%emt 0:01:08] normal} 1/2-1/2

[Event "GER-ch Youth U14 2019"]
[Site "Willingen"]
[Date "2019.06.15"]
[Round "9.4"]
[White "Bui, Bao Anh Le"]
[Black "Colbow, Collin"]
[Result "1/2-1/2"]
[WhiteElo "2065"]
[BlackElo "2169"]
[Annotator "ChessBase"]
[PlyCount "115"]
[EventDate "2019.06.07"]
[EventType "swiss"]
[EventRounds "9"]
[EventCountry "GER"]
[SourceTitle "playchess.com"]
[Source "ChessBase"]
[SourceQuality "1"]
[TimeControl "40/5400+30:1800+30"]

1. e4 {[%emt 0:00:11]} c5 {[%emt 0:00:00]} 2. Nf3 {[%emt 0:00:29]} d6 {[%emt 0:00:00]} 3. d4 {[%emt 0:00:42]} cxd4 {[%emt 0:00:00]} 4. Nxd4 {[%emt 0:00:08]} Nf6 {[%emt 0:00:00]} 5. Nc3 {[%emt 0:00:43]} a6 {[%emt 0:00:00]} 6. Be3 {[%emt 0:00:29]} e5 {[%emt 0:00:08]} 7. Nb3 {[%emt 0:00:31]} Be6 {[%emt 0:01:42]} 8. f3 {[%emt 0:01:00]} Be7 {[%emt 0:00:30]} 9. Qd2 {[%emt 0:00:21]} O-O {[%emt 0:00:13]} 10. O-O-O {[%emt 0:00:09]} Nbd7 {[%emt 0:00:33]} 11. g4 {[%emt 0:00:33]} b5 {[%emt 0:00:07]} 12. Rg1 {[%emt 0:00:08]} Nb6 {[%emt 0:01:46]} 13. Na5 {[%emt 0:00:53]} Rc8 {[%emt 0:02:48]} 14. g5 {[%emt 0:03:04]} Nh5 {[%emt 0:01:20]} 15. Nd5 {[%emt 0:00:32]} Nxd5 {[%emt 0:03:01]} 16. exd5 {[%emt 0:00:05]} Bxd5 {[%emt 0:00:52]} 17. Qxd5 {[%emt 0:00:03]} Qxa5 {[%emt 0:00:10]} 18. Rg4 {[%emt 0:00:02]} g6 {[%emt 0:08:56]} 19. h4 {[%emt 0:01:28]} Kh8 {[%emt 0:05:35]} 20. f4 {[%emt 0:25:39]} Qa4 {[%emt 0:12:31]} 21. Bd3 {[%emt 0:10:55]} f5 {[%emt 0:03:13]} 22. fxe5 {[%emt 0:08:23]} fxg4 {[%emt 0:19:35]} 23. exd6 {[%emt 0:00:25]} Bxd6 {[%emt 0:17:02]} 24. Qxd6 {[%emt 0:03:26]} Qxa2 25. Bd4+ {[%emt 0:00:37]} Ng7 {[%emt 0:04:58]} 26. c4 {[%emt 0:05:48]} Rxc4+ {[%emt 0:04:47]} 27. Bxc4 {[%emt 0:00:16]} Qxc4+ {[%emt 0:00:06]} 28. Kb1 {[%emt 0:00:04]} Kg8 {[%emt 0:00:33]} 29. Bc3 {[%emt 0:16:36]} Qe4+ {[%emt 0:02:06]} 30. Ka1 {[%emt 0:00:49]} Nf5 {[%emt 0:00:52]} 31. Qd7 {[%emt 0:01:04]} Qa4+ {[%emt 0:01:44]} 32. Kb1 {[%emt 0:00:07]} Qe4+ {[%emt 0:00:06]} 33. Ka1 {[%emt 0:00:05]} g3 {[%emt 0:01:22]} 34. Re1 {[%emt 0:01:03]} Qa4+ {[%emt 0:01:57]} 35. Kb1 {[%emt 0:00:06]} Qc4 {[%emt 0:00:20]} 36. Qb7 {[%emt 0:02:20]} a5 {[%emt 0:04:47]} 37. Re4 {[%emt 0:01:42]} Qb3 {[%emt 0:02:27]} 38. Re1 {[%emt 0:03:45]} b4 {[%emt 0:01:46]} 39. Bf6 {[%emt 0:02:27]} a4 {[%emt 0:00:38]} 40. h5 {[%emt 0:01:20]} Qd3+ {[%emt 0:00:37]} 41. Ka1 {[%emt 0:30:10]} gxh5 {[%emt 0:04:53]} 42. Qc6 Qb3 {[%emt 0:14:07]} 43. Qd7 {[%emt 0:00:00]} a3 {[%emt 0:01:15]} 44. Re8 {[%emt 0:00:00]} g2 {[%emt 0:04:57]} 45. Rxf8+ {[%emt 0:00:00]} Kxf8 {[%emt 0:00:01]} 46. Qc8+ {[%emt 0:00:00]} Kf7 {[%emt 0:00:03]} 47. Qb7+ {[%emt 0:00:00]} Kg6 {[%emt 0:00:15]} 48. Qxg2 {[%emt 0:00:00]} axb2+ {[%emt 0:00:27]} 49. Bxb2 {[%emt 0:00:00]} Qd1+ {[%emt 0:01:08]} 50. Ka2 {[%emt 0:00:00]} Qa4+ {[%emt 0:00:03]} 51. Kb1 {[%emt 0:00:00]} Qd1+ {[%emt 0:00:00]} 52. Ka2 {[%emt 0:00:00]} Qa4+ {[%emt 0:00:31]} 53. Kb1 {[%emt 0:00:00]} b3 {[%emt 0:00:28]} 54. Qd5 {[%emt 0:00:00]} Qa2+ {[%emt 0:03:46]} 55. Kc1 {[%emt 0:00:00]} Kxg5 {[%emt 0:00:27]} 56. Qd2+ {[%emt 0:00:00]} Kg4 {[%emt 0:01:18]} 57. Qe2+ {[%emt 0:00:00]} Kf4 {[%emt 0:00:19]} 58. Qf2+ {[%emt 0:00:00] normal} 1/2-1/2